Statistiques concernant Culture Générale - Série 1575

Cliquez ici pour prendre le quiz!

Statistiques générales

  • Ce quiz a été pris 94 fois
  • Le résultat moyen est 5 sur 10

Statistiques - réponses

QuestionRéponse% Correct
Quelle boisson issue des plantes peut être qualifiée de Darjeeling ou de Ceylan ?thé
95%
Qu'est-ce qui est inflammé quand on souffre d'une gingivite ?gencives
82%
Quel auteur français a écrit le roman "Le Temps retrouvé", publié en 1927 ?Marcel Proust
62%
Selon l'étymologie du mot, quel organe le médecin examine-t-il lorsqu'il pratique une cystoscopie ?vessie
55%
Dans quel État des États-Unis se situe le parc national de Séquoia ?Californie
52%
Comme son étymologie l'indique, quel animal élève-t-on en cuniculiculture ?lapin
52%
Dans quel département français se trouve la commune du Touquet-Paris-Plage ?Pas-de-Calais
44%
Quel est le prénom de l'écrivain et parolier M. Lanzmann qui a beaucoup collaboré avec Jacques Dutronc ?Jacques
41%
En boxe anglaise, chez les amateurs séniors, à quelle catégorie appartenez-vous si vous pesez 59 kilos ?poids légers
25%
A qui doit-on l'invention du télescope ?Isaac Newton
13%

Distribution des résultats

Percentile par nombre de réponses

% des personnes avec chaque résultat

Votre développement - résultats

Vous n’avez pas pris ce quiz